[Event "Klatovy op-A 24th"]
[Site "Klatovy"]
[Date "2018.07.01"]
[Round "2"]
[White "Svanda, Ondrej"]
[Black "Hacaperka, Michal"]
[Result "1-0"]
[WhiteElo "2043"]
[BlackElo "1890"]
[PlyCount "107"]
[EventDate "2018.06.30"]
[EventType "swiss"]
[EventRounds "9"]
[EventCountry "CZE"]
[SourceTitle "CBM 185 Extra"]
[Source "ChessBase"]
[SourceDate "2018.07.29"]
[SourceVersion "1"]
[SourceVersionDate "2018.07.29"]
[SourceQuality "1"]

1. c4 Nf6 2. Nc3 d6 3. g3 g6 4. Bg2 Bg7 5. Nf3 0-0 6. 0-0 Nbd7 7. d3 Rb8 8. Rb1 a6 9. a4 a5 10. b4 axb4 11. Rxb4 e5 12. Ba3 Nc5 13. Rb1 Nfd7 14. Nd2 b6 15. a5 Bb7 16. axb6 Nxb6 17. Bxc5 Bxg2 18. Kxg2 dxc5 19. Rb5 f5 20. Qc2 Qd6 21. Rd1 Nd7 22. Rdb1 Rxb5 23. Rxb5 c6 24. Rb7 e4 25. dxe4 f4 26. Nf3 fxg3 27. hxg3 Ne5 28. Nd1 Ng4 29. Qd3 Bd4 30. Ne3 Ne5 31. Nxe5 Qxe5 32. Rb1 h5 33. Rf1 Re8 34. Nc2 Qxe4+ 35. Qxe4 Rxe4 36. Kf3 Re7 37. e3 Bg7 38. Ne1 Rd7 39. Ke2 Kf7 40. Nd3 Bf8 41. Ne5+ Ke6 42. Nxd7 Kxd7 43. Kd3 Ke6 44. Ke4 Bg7 45. Rb1 Bf6 46. f4 g5 47. fxg5 Bxg5 48. Rh1 Kf6 49. Rxh5 Kg6 50. Rxg5+ Kxg5 51. Kf3 Kf5 52. g4+ Kg5 53. e4 Kf6 54. Kf4 1-0

[Event "Klatovy op-A 23rd"]
[Site "Klatovy"]
[Date "2017.07.09"]
[Round "9"]
[White "Hacaperka, Michal"]
[Black "Sprenar, Petr"]
[Result "0-1"]
[WhiteElo "1846"]
[BlackElo "2042"]
[PlyCount "58"]
[EventDate "2017.07.01"]
[EventType "swiss"]
[EventRounds "9"]
[EventCountry "CZE"]
[SourceTitle "EXT 2018"]
[Source "ChessBase"]
[SourceDate "2017.10.13"]
[SourceVersion "1"]
[SourceVersionDate "2017.10.13"]
[SourceQuality "1"]

1. e4 c5 2. Nc3 a6 3. f4 e6 4. Nf3 Nc6 5. d3 d5 6. e5 Nge7 7. g3 Nf5 8. Bg2 b5 9. 0-0 h5 10. Bh3 g6 11. Ne2 d4 12. Ng5 Nb4 13. Rf2 Bb7 14. g4 hxg4 15. Bxg4 Be7 16. Ne4 Nd5 17. N2g3 Qd7 18. Qe2 0-0-0 19. Bd2 Nde3 20. Bxe3 dxe3 21. Rff1 Nd4 22. Qd1 Rh4 23. h3 Rdh8 24. c3 Nf5 25. Rf3 Rd8 26. Qe2 Qxd3 27. Qxd3 Rxd3 28. Kh2 Nxg3 29. Nxg3 Rxg4 0-1

[Event "Klatovy op-A 23rd"]
[Site "Klatovy"]
[Date "2017.07.04"]
[Round "4"]
[White "Bartonicek, Zdenek"]
[Black "Hacaperka, Michal"]
[Result "0-1"]
[WhiteElo "1942"]
[BlackElo "1846"]
[PlyCount "80"]
[EventDate "2017.07.01"]
[EventType "swiss"]
[EventRounds "9"]
[EventCountry "CZE"]
[SourceTitle "EXT 2018"]
[Source "ChessBase"]
[SourceDate "2017.10.13"]
[SourceVersion "1"]
[SourceVersionDate "2017.10.13"]
[SourceQuality "1"]

1. e4 c5 2. c3 d5 3. exd5 Qxd5 4. d4 Nf6 5. Nf3 e6 6. Be3 cxd4 7. cxd4 Bb4+ 8. Nc3 0-0 9. a3 Bxc3+ 10. bxc3 Qa5 11. Qb3 Nbd7 12. Be2 Ne4 13. Rc1 Ndf6 14. 0-0 Nd5 15. Bd2 Nxd2 16. Nxd2 Rb8 17. Nc4 Qd8 18. Bf3 b6 19. Ne5 Bb7 20. Bxd5 Bxd5 21. c4 Ba8 22. Qe3 Rc8 23. Rfd1 Qh4 24. c5 Rfd8 25. cxb6 axb6 26. Rb1 Rb8 27. Rb4 f6 28. Nc6 Qh5 29. Qxe6+ Kh8 30. Re1 Re8 31. Ne7 Bd5 32. Qe3 Bxg2 33. Kxg2 Rb7 34. Ng6+ Qxg6+ 35. Kf1 Rxe3 36. Rxe3 h6 37. h3 Qf5 38. Reb3 Qd5 39. Re3 Kh7 40. Ke2 Qd6 0-1

[Event "Klatovy op 22nd"]
[Site "Klatovy"]
[Date "2016.07.10"]
[Round "9"]
[White "Svoboda, Jaroslav"]
[Black "Hacaperka, Michal"]
[Result "0-1"]
[WhiteElo "1711"]
[BlackElo "1887"]
[PlyCount "89"]
[EventDate "2016.07.02"]
[EventType "swiss"]
[EventRounds "9"]
[EventCountry "CZE"]
[SourceTitle "CBM 173 Extra"]
[Source "ChessBase"]
[SourceDate "2016.08.29"]
[SourceVersion "1"]
[SourceVersionDate "2016.08.29"]
[SourceQuality "1"]

1. d4 Nf6 2. c4 g6 3. Nc3 Bg7 4. e4 d6 5. Be3 0-0 6. f3 c5 7. d5 a6 8. Qd2 Re8 9. g4 b6 10. h4 h5 11. Be2 Ra7 12. Bh6 e6 13. Bxg7 Kxg7 14. g5 Ng8 15. 0-0-0 e5 16. f4 exf4 17. Qxf4 Qe7 18. Nf3 Bg4 19. Rde1 Bxf3 20. Qxf3 Nd7 21. Rhf1 Ne5 22. Qf4 f6 23. gxf6+ Nxf6 24. Rg1 Nfg4 25. Kc2 Qxh4 26. Bxg4 Rf8 27. Qg3 Qxg3 28. Rxg3 Nxg4 29. a4 Ne5 30. Kb3 Rf2 31. Rh1 Kh6 32. Rhg1 Rg7 33. Nd1 Rf3+ 34. Rxf3 Nxf3 35. Rg3 Nd2+ 36. Ka3 Nxc4+ 37. Ka2 Rf7 38. b3 Ne5 39. Ka3 Rf3 40. Rg2 g5 41. Re2 Ng4 42. Nb2 h4 43. Ka2 h3 44. b4 c4 45. Nxc4 0-1

[Event "Klatovy op"]
[Site "Klatovy"]
[Date "2014.07.04"]
[Round "7"]
[White "Hacaperka, Michal"]
[Black "Hajek, Jiri2"]
[Result "0-1"]
[WhiteElo "1806"]
[BlackElo "1890"]
[PlyCount "62"]
[EventDate "2014.06.28"]
[EventType "swiss"]
[EventRounds "9"]
[EventCountry "CZE"]
[SourceTitle "CBM 161 Extra"]
[Source "ChessBase"]
[SourceDate "2014.08.29"]
[SourceVersion "1"]
[SourceVersionDate "2014.08.29"]
[SourceQuality "1"]

1. e4 g6 2. d4 Bg7 3. Nc3 d6 4. Be3 Nf6 5. h3 0-0 6. g3 e5 7. d5 a5 8. Qd2 Na6 9. Bg2 Bd7 10. a4 Rb8 11. Nb5 b6 12. c4 Nc5 13. Qc2 Bxb5 14. cxb5 Nfd7 15. g4 Qe7 16. Ne2 f5 17. gxf5 gxf5 18. f3 fxe4 19. fxe4 Qh4+ 20. Kd2 Nf6 21. Bxc5 dxc5 22. Raf1 Nh5 23. Bf3 Nf4 24. Nxf4 Rxf4 25. Bg4 Rbf8 26. Bf5 Bh6 27. Rhg1+ Kh8 28. Kd1 c4 29. Rxf4 Qxf4 30. Qc3 Rf7 31. Rg4 Qf1+ 0-1

[Event "Kromeriz op"]
[Site "Kromeriz"]
[Date "2014.05.10"]
[Round "4"]
[White "Zavadil, Michal"]
[Black "Hacaperka, Michal"]
[Result "0-1"]
[WhiteElo "2065"]
[BlackElo "1795"]
[PlyCount "98"]
[EventDate "2014.05.07"]
[EventType "swiss"]
[EventRounds "7"]
[EventCountry "CZE"]
[SourceTitle "EXT 2016"]
[Source "ChessBase"]
[SourceDate "2015.10.08"]
[SourceVersion "1"]
[SourceVersionDate "2015.10.08"]
[SourceQuality "1"]

1. e4 c5 2. Nc3 Nc6 3. Bb5 Nd4 4. Nf3 Nxb5 5. Nxb5 d6 6. d4 Qa5+ 7. Nc3 cxd4 8. Qxd4 Nf6 9. Bd2 Qa6 10. h3 e5 11. Qe3 Be6 12. Ng5 Bd7 13. Nd5 Nxd5 14. exd5 h6 15. Ne4 f5 16. Nc3 Be7 17. Qg3 g5 18. 0-0-0 0-0-0 19. Qe3 Kb8 20. f3 Rc8 21. g4 Rhf8 22. Qe2 Qxe2 23. Nxe2 Be8 24. Nc3 Bd8 25. h4 gxh4 26. Bxh6 Rh8 27. g5 Rc4 28. Rdg1 Bg6 29. Rh3 Bb6 30. Rg2 a6 31. Rgh2 Be3+ 32. Kd1 Bf4 33. Rg2 Bg3 34. Ne2 f4 35. c3 Rc5 36. Bg7 Rg8 37. Bf6 Rxd5+ 38. Kc1 Rd3 39. Ng1 Bf5 40. Rh1 e4 41. Rd2 e3 42. Re2 b5 43. Nh3 Rc8 44. Rg2 Bg6 45. Rf1 Rc5 46. Ng1 Rcd5 47. Nh3 Bf5 48. Nxf4 Bxf4 49. g6 e2+ 0-1

[Event "Kesarovski Georgiev Memorial-B 12th"]
[Site "Sunny Beach"]
[Date "2013.09.02"]
[Round "3"]
[White "Jiruse, Josef"]
[Black "Hacaperka, Michal"]
[Result "1-0"]
[WhiteElo "2035"]
[BlackElo "1807"]
[PlyCount "58"]
[EventDate "2013.08.31"]
[EventType "swiss"]
[EventRounds "9"]
[EventCountry "BUL"]
[SourceTitle "CBM 156 Extra"]
[Source "ChessBase"]
[SourceDate "2013.10.22"]
[SourceVersion "1"]
[SourceVersionDate "2013.10.22"]
[SourceQuality "1"]

1. e4 c5 2. Nc3 e6 3. Bc4 Nc6 4. d3 a6 5. a4 b6 6. f4 g6 7. Nf3 Bg7 8. 0-0 Nge7 9. Qe1 Nd4 10. Bb3 Nxb3 11. cxb3 f5 12. Kh1 Bb7 13. Bd2 0-0 14. Rd1 Nc6 15. Be3 Nd4 16. Nd2 d5 17. exd5 exd5 18. Bxd4 Bxd4 19. Nf3 Re8 20. Qg3 Bf6 21. d4 cxd4 22. Nxd4 Qd6 23. Nxf5 Qc5 24. Nh6+ Kg7 25. Ng4 d4 26. Nxf6 Kxf6 27. b4 Qxb4 28. Qg5+ Kg7 29. f5 dxc3 1-0

[Event "Klatovy op-A"]
[Site "Klatovy"]
[Date "2013.06.29"]
[Round "1"]
[White "Hacaperka, Michal"]
[Black "Routner, Jakub"]
[Result "0-1"]
[WhiteElo "1853"]
[BlackElo "2132"]
[PlyCount "56"]
[EventDate "2013.06.29"]
[EventType "swiss"]
[EventRounds "9"]
[EventCountry "CZE"]
[SourceTitle "EXT 2014"]
[Source "ChessBase"]
[SourceDate "2013.11.20"]
[SourceVersion "1"]
[SourceVersionDate "2013.11.20"]
[SourceQuality "1"]

1. e4 c5 2. f4 d6 3. Nf3 Nc6 4. Bb5 Bd7 5. 0-0 g6 6. f5 Nf6 7. Nc3 a6 8. Bxc6 Bxc6 9. d3 Bg7 10. Qe1 Qc7 11. Qh4 0-0-0 12. Bh6 Bxh6 13. Qxh6 gxf5 14. Ng5 Rhg8 15. Rxf5 Rg6 16. Qh4 Rdg8 17. g3 Bd7 18. Rxf6 exf6 19. Nxf7 Be6 20. Nh6 Re8 21. Rf1 Qb6 22. Na4 Qb4 23. b3 Qd4+ 24. Kg2 b5 25. Nb6+ Kb7 26. Nf5 Bxf5 27. Qxh7+ Kxb6 28. exf5 Re2+ 0-1

[Event "Kesarovski Georgiev Memorial 11th"]
[Site "Sunny Beach"]
[Date "2012.09.09"]
[Round "9"]
[White "Hacaperka, Michal"]
[Black "Raondi, Yan Martin"]
[Result "1/2-1/2"]
[WhiteElo "1885"]
[BlackElo "1682"]
[PlyCount "71"]
[EventDate "2012.09.01"]
[EventType "swiss"]
[EventRounds "9"]
[EventCountry "BUL"]
[SourceTitle "CBM 150 Extra"]
[Source "ChessBase"]
[SourceDate "2012.10.19"]
[SourceVersion "1"]
[SourceVersionDate "2012.10.19"]
[SourceQuality "1"]

1. e4 e5 2. Nf3 Nf6 3. Nxe5 d6 4. Nf3 Nxe4 5. d4 Be7 6. Bd3 Nf6 7. 0-0 0-0 8. c4 Bg4 9. h3 Bh5 10. Nbd2 Nbd7 11. Qc2 Bg6 12. Bxg6 hxg6 13. b3 c6 14. Bb2 Rc8 15. Rfe1 Re8 16. Qd3 d5 17. c5 Qc7 18. b4 a6 19. Re2 Bf8 20. Rae1 Rxe2 21. Rxe2 Re8 22. Rxe8 Nxe8 23. Ne5 Qd8 24. Ndf3 Be7 25. a4 Nc7 26. Nd2 Ne6 27. Nb3 Bf6 28. Nf3 Qe7 29. Na5 Nd8 30. Kf1 Qe6 31. Bc1 Qe4 32. Qxe4 dxe4 33. Ng5 Bxd4 34. Nxe4 Be5 35. Nc4 Bc7 36. Ned6 1/2-1/2

[Event "Lanta op 1st"]
[Site "Koh Lanta Island"]
[Date "2012.03.22"]
[Round "1"]
[White "Hacaperka, Michal"]
[Black "Mojzis, Jan"]
[Result "1/2-1/2"]
[WhiteElo "1913"]
[BlackElo "2153"]
[PlyCount "53"]
[EventDate "2012.03.22"]
[EventType "swiss"]
[EventRounds "9"]
[EventCountry "THA"]
[SourceTitle "EXT 2013"]
[Source "ChessBase"]
[SourceDate "2012.11.22"]
[SourceVersion "1"]
[SourceVersionDate "2012.11.22"]
[SourceQuality "1"]

1. e4 e6 2. d4 d5 3. Nd2 Nf6 4. e5 Nfd7 5. Bd3 c5 6. c3 Nc6 7. Ne2 cxd4 8. cxd4 Qb6 9. Nf3 f6 10. Nf4 fxe5 11. Nxe5 Ncxe5 12. dxe5 Bb4+ 13. Kf1 Nxe5 14. Qh5+ Nf7 15. Bxh7 Bd7 16. Ng6 Bb5+ 17. Kg1 Bc5 18. h3 0-0-0 19. Bf4 Nd6 20. Rc1 Kb8 21. Rxc5 Qxc5 22. Nxh8 Rxh8 23. Qe5 Rxh7 24. Qxd6+ Qxd6 25. Bxd6+ Kc8 26. Be5 g6 27. f4 1/2-1/2

[Event "Brno op 2nd"]
[Site "Brno"]
[Date "2011.11.17"]
[Round "8"]
[White "Spanton, Timothy"]
[Black "Hacaperka, Michal"]
[Result "1-0"]
[WhiteElo "1978"]
[BlackElo "1922"]
[PlyCount "63"]
[EventDate "2011.11.12"]
[EventType "swiss"]
[EventRounds "9"]
[EventCountry "CZE"]
[SourceTitle "EXT 2012"]
[Source "ChessBase"]
[SourceDate "2011.11.24"]
[SourceVersion "1"]
[SourceVersionDate "2011.11.24"]
[SourceQuality "1"]

1. e4 c5 2. Nf3 d6 3. Bb5+ Bd7 4. Bxd7+ Qxd7 5. 0-0 Nc6 6. Qe2 e6 7. Rd1 Rc8 8. d4 cxd4 9. Nxd4 Nxd4 10. Rxd4 Qc6 11. Na3 a6 12. Rc4 Qd7 13. Bf4 b5 14. Rxc8+ Qxc8 15. Rd1 Qc6 16. Qd3 Kd7 17. Bxd6 Bxd6 18. e5 Ne7 19. Qxd6+ Qxd6 20. Rxd6+ Kc7 21. Rxa6 Rd8 22. Nxb5+ Kb7 23. Rd6 Re8 24. Rxe6 fxe6 25. Nd6+ Kc6 26. Nxe8 Nf5 27. f4 Ne3 28. Nxg7 Kd5 29. c3 Nd1 30. c4+ Kxc4 31. Nxe6 Nxb2 32. Ng5 1-0

[Event "Brno op 2nd"]
[Site "Brno"]
[Date "2011.11.13"]
[Round "2"]
[White "Snasel, Michal"]
[Black "Hacaperka, Michal"]
[Result "0-1"]
[WhiteElo "1759"]
[BlackElo "1922"]
[PlyCount "92"]
[EventDate "2011.11.12"]
[EventType "swiss"]
[EventRounds "9"]
[EventCountry "CZE"]
[SourceTitle "EXT 2012"]
[Source "ChessBase"]
[SourceDate "2011.11.24"]
[SourceVersion "1"]
[SourceVersionDate "2011.11.24"]
[SourceQuality "1"]

1. e4 c5 2. d4 cxd4 3. c3 dxc3 4. Nxc3 Nc6 5. Nf3 d6 6. Bc4 e6 7. 0-0 Be7 8. Qe2 a6 9. Rd1 Qc7 10. Be3 b5 11. Bb3 Nf6 12. Rac1 Qb7 13. Bf4 e5 14. Be3 Na5 15. Bd5 Nxd5 16. Nxd5 Bd8 17. Ng5 Be6 18. Nxe6 fxe6 19. Qh5+ g6 20. Qf3 exd5 21. Rxd5 Qf7 22. Qg4 Nc4 23. Bh6 Bb6 24. Rc2 Bc5 25. b3 Nb6 26. Rcxc5 dxc5 27. Rxc5 Nd7 28. Rc7 Kd8 29. Rc2 Re8 30. Qd1 Re7 31. Bg5 Ke8 32. Rc7 Rd8 33. Qc1 Kf8 34. Rc3 Kg8 35. Rf3 Qe6 36. Qc7 Rde8 37. Bxe7 Qxe7 38. Rc3 Nf6 39. Qc6 Rd8 40. h3 Qd6 41. Qb7 Qd1+ 42. Kh2 Qd7 43. Rc7 Qe6 44. Re7 Qc8 45. Rg7+ Kh8 46. Qf7 Rd7 0-1

[Event "Brno op 2nd"]
[Site "Brno"]
[Date "2011.11.12"]
[Round "1"]
[White "Hacaperka, Michal"]
[Black "Vavra, Pavel"]
[Result "0-1"]
[WhiteElo "1922"]
[BlackElo "2389"]
[PlyCount "55"]
[EventDate "2011.11.12"]
[EventType "swiss"]
[EventRounds "9"]
[EventCountry "CZE"]
[SourceTitle "EXT 2012"]
[Source "ChessBase"]
[SourceDate "2011.11.24"]
[SourceVersion "1"]
[SourceVersionDate "2011.11.24"]
[SourceQuality "1"]

1. e4 e6 2. d4 d5 3. Nd2 Nf6 4. e5 Nfd7 5. Bd3 c5 6. c3 Nc6 7. Ne2 cxd4 8. cxd4 f6 9. Nf4 fxe5 10. Qh5+ Ke7 11. Ng6+ hxg6 12. Qxh8 e4 13. Qh4+ Nf6 14. Bxe4 dxe4 15. Nxe4 Qxd4 16. Bg5 Qb4+ 17. Kf1 Qxb2 18. Bxf6+ gxf6 19. Qh7+ Kd8 20. Rd1+ Nd4 21. Kg1 Be7 22. Qf7 Bd7 23. h3 f5 24. Nd2 Qc2 25. Kh2 Bd6+ 26. g3 Nf3+ 27. Kg2 Nxd2 28. Rc1 0-1

[Event "Kesarovski Georgiev Memorial 9th"]
[Site "Sunny Beach"]
[Date "2010.09.05"]
[Round "9"]
[White "Kirchev, Krasimir"]
[Black "Hacaperka, Michal"]
[Result "1/2-1/2"]
[WhiteElo "2062"]
[BlackElo "1838"]
[PlyCount "86"]
[EventDate "2010.08.28"]
[EventType "swiss"]
[EventRounds "9"]
[EventCountry "BUL"]
[SourceTitle "CBM 138 Extra"]
[Source "ChessBase"]
[SourceDate "2010.10.29"]
[SourceVersion "1"]
[SourceVersionDate "2010.10.29"]
[SourceQuality "1"]

1. Nf3 Nf6 2. d4 g6 3. c4 Bg7 4. Nc3 0-0 5. e4 d6 6. h3 e5 7. dxe5 dxe5 8. Be2 Qxd1+ 9. Bxd1 c6 10. Be3 Be6 11. Be2 Na6 12. a3 Rfe8 13. 0-0-0 h6 14. Kc2 Kh7 15. Rd2 Nc7 16. Rhd1 Nh5 17. Bc5 f6 18. Bf1 Nf4 19. b3 b5 20. Bd6 Rec8 21. c5 a5 22. Kb2 Ra7 23. Ne2 Nxe2 24. Bxe2 Ne8 25. Ne1 a4 26. b4 Bb3 27. Nc2 Be6 28. Ne3 Rd7 29. Kc3 Kg8 30. g4 Kf7 31. h4 Rcd8 32. h5 Nxd6 33. cxd6 Bb3 34. hxg6+ Kxg6 35. Nf5 Bxd1 36. Rxd1 Bf8 37. Rh1 Rh7 38. Rd1 Rhd7 39. Rh1 Rh7 40. Nh4+ Kg5 41. Nf3+ Kg6 42. Nh4+ Kg5 43. Nf3+ Kg6 1/2-1/2

[Event "Kesarovski Georgiev Memorial 9th"]
[Site "Sunny Beach"]
[Date "2010.09.02"]
[Round "6"]
[White "Hacaperka, Michal"]
[Black "Asparuhov, Parvan"]
[Result "0-1"]
[WhiteElo "1838"]
[BlackElo "2074"]
[PlyCount "80"]
[EventDate "2010.08.28"]
[EventType "swiss"]
[EventRounds "9"]
[EventCountry "BUL"]
[SourceTitle "CBM 138 Extra"]
[Source "ChessBase"]
[SourceDate "2010.10.29"]
[SourceVersion "1"]
[SourceVersionDate "2010.10.29"]
[SourceQuality "1"]

1. e4 e5 2. Nf3 Nc6 3. Bb5 f5 4. d3 fxe4 5. dxe4 Nf6 6. 0-0 Bc5 7. Nc3 d6 8. Qe2 Bg4 9. Na4 Nd7 10. Nxc5 Nxc5 11. b4 Nd7 12. Bxc6 bxc6 13. Qc4 Bxf3 14. gxf3 c5 15. bxc5 Nxc5 16. Be3 Nd7 17. Rab1 Nb6 18. Qb3 Qd7 19. Kg2 Rf8 20. Rg1 Rf7 21. c4 c5 22. Rbd1 Qc6 23. Kh1 g6 24. Rg3 Rb8 25. Qb5 Qxb5 26. cxb5 Nc4 27. a4 Ke7 28. Kg2 Ke6 29. Rg4 a6 30. bxa6 Rb2 31. Bh6 Ra2 32. Rc1 Rxa4 33. f4 exf4 34. Rxf4 Rxf4 35. Bxf4 Ne5 36. Bd2 Rxa6 37. f4 Ra2 38. fxe5 Rxd2+ 39. Kf3 Kxe5 40. h4 Rd3+ 0-1

[Event "Cesky Krumlov op 3rd"]
[Site "Cesky Krumlov"]
[Date "2009.11.15"]
[Round "2"]
[White "Hacaperka, Michal"]
[Black "Hantak, Adam"]
[Result "0-1"]
[WhiteElo "1947"]
[BlackElo "2161"]
[PlyCount "70"]
[EventDate "2009.11.14"]
[EventType "swiss"]
[EventRounds "9"]
[EventCountry "CZE"]
[SourceTitle "EXT 2010"]
[Source "ChessBase"]
[SourceDate "2010.11.25"]
[SourceVersion "1"]
[SourceVersionDate "2010.11.25"]
[SourceQuality "1"]

1. e4 d6 2. d4 Nf6 3. Nc3 e5 4. d5 Be7 5. f3 c6 6. Be3 cxd5 7. exd5 0-0 8. Qd2 a6 9. a4 Nh5 10. g4 Bh4+ 11. Kd1 Nf4 12. Bxf4 exf4 13. Bd3 Nd7 14. Nh3 Ne5 15. Be2 f5 16. g5 Bxg5 17. Nxg5 Qxg5 18. Qd4 Qg2 19. Rf1 Bd7 20. Kd2 Rac8 21. Rf2 Qg5 22. Ra3 Rfe8 23. Rb3 Qg1 24. Nd1 b5 25. Qxf4 Rc4 26. Bxc4 Nxc4+ 27. Kc1 Re1 28. Rd2 Nxd2 29. Qxd2 h6 30. a5 Kh7 31. f4 Be8 32. Rg3 Qf1 33. Qd4 Bg6 34. Re3 Qg1 35. c3 Rxd1+ 0-1

[Event "Havlickuv Brod op-B"]
[Site "Havlickuv Brod"]
[Date "2005.09.25"]
[Round "2"]
[White "Hacaperka, Michal"]
[Black "Bukacek, Lubomir"]
[Result "1-0"]
[WhiteElo "1915"]
[BlackElo "2122"]
[PlyCount "35"]
[EventDate "2005.09.24"]
[EventType "swiss"]
[EventRounds "9"]
[EventCountry "CZE"]
[SourceTitle "CBM 108 Extra"]
[Source "ChessBase"]
[SourceDate "2005.11.04"]
[SourceVersion "1"]
[SourceVersionDate "2005.11.04"]
[SourceQuality "1"]

1. e4 e5 2. Nf3 Nf6 3. Nxe5 d6 4. Nf3 Nxe4 5. d4 d5 6. Bd3 Bd6 7. 0-0 0-0 8. c4 c6 9. Nc3 f5 10. Qb3 Nxc3 11. bxc3 Bc7 12. Re1 Qd6 13. Ba3 Qd8 14. Bxf8 Kxf8 15. Re2 dxc4 16. Bxc4 Nd7 17. Bg8 Qf6 18. Ng5 1-0